Technologie mění bankovnictví. Jsou na ně připraveny banky i jejich zaměstnanci?
Ľudia a nové technológie, ktoré celkom zmenia budúcu podobu bankovníctva. Do bánk prichádza generácia tretieho milénia (klientov i zamestnancov), ktorá má odlišné nároky, životné skúsenosti ako aj očakávania.
Salvato in:
| Autore principale: | |
|---|---|
| Natura: | Capitolo di libro |
| Lingua: | ceco |
| Soggetti: | |
| Tags: |
Nessun Tag, puoi essere il primo ad aggiungerne!!
|
MARC
| LEADER | 00000naa a2200000 4500 | ||
|---|---|---|---|
| 001 | 0221726 | ||
| 005 | 20221019173556.8 | ||
| 041 | 0 | |a cze | |
| 044 | |a CZ | ||
| 245 | 1 | 0 | |a Technologie mění bankovnictví. Jsou na ně připraveny banky i jejich zaměstnanci? |c Luboš Prchal |
| 520 | |a Ľudia a nové technológie, ktoré celkom zmenia budúcu podobu bankovníctva. Do bánk prichádza generácia tretieho milénia (klientov i zamestnancov), ktorá má odlišné nároky, životné skúsenosti ako aj očakávania. | ||
| 610 | 2 | 0 | |a banky |
| 610 | 2 | 0 | |a bankovníctvo elektronické |
| 610 | 2 | 0 | |a bankovníctvo mobilné |
| 610 | 2 | 0 | |a služby bankové |
| 610 | 2 | 0 | |a služby finančné |
| 610 | 2 | 0 | |a technológie informačné |
| 610 | 2 | 0 | |a technológie komunikačné |
| 610 | 2 | 0 | |a zdroje ľudské |
| 100 | 1 | |a Prchal, Luboš | |